[Event "HUN-chT2 Szechenyi 1819"]
[Site "Hungary"]
[Date "2019.02.10"]
[Round "5.10"]
[White "Bezsenyi, Ferenc"]
[Black "Nagy, Istvan Miklos"]
[Result "0-1"]
[WhiteElo "1760"]
[BlackElo "1722"]
[PlyCount "132"]
[EventDate "2018.10.28"]
[EventType "team-tourn"]
[EventRounds "9"]
[EventCountry "HUN"]
[SourceTitle "EXT 2021"]
[Source "ChessBase"]
[SourceDate "2020.10.23"]
[SourceVersion "1"]
[SourceVersionDate "2020.10.23"]
[SourceQuality "1"]
[WhiteTeam "Keszthely Spartacus"]
[BlackTeam "Gyor Szechenyi II"]
[WhiteTeamCountry "HUN"]
[BlackTeamCountry "HUN"]

1. e4 c5 2. Nf3 d6 3. d4 cxd4 4. Nxd4 Nf6 5. Nc3 g6 6. Be3 Bg7 7. Qd2 Nc6 8. f3 0-0 9. g4 a6 10. 0-0-0 Ne5 11. h4 h5 12. gxh5 Nxh5 13. Rg1 Kh7 14. Be2 b5 15. f4 Nc4 16. Bxc4 bxc4 17. f5 Rg8 18. Nf3 Rf8 19. Ng5+ Kg8 20. fxg6 Be6 21. gxf7+ Bxf7 22. Nxf7 Rxf7 23. Rg5 Nf6 24. e5 Ne8 25. Rdg1 dxe5 26. Rxe5 Qxd2+ 27. Bxd2 Rf1+ 28. Rxf1 Bxe5 29. Ne4 Nf6 30. Rg1+ Kf8 31. Bh6+ Kf7 32. Rg7+ Ke6 33. Ng5+ Kd7 34. Nf3 Bd6 35. Be3 Rf8 36. Nd2 Rc8 37. c3 Nd5 38. Bg5 Bf4 39. Rf7 Bxd2+ 40. Kxd2 Ke6 41. Rf1 Rb8 42. Kc2 Rg8 43. b3 Rxg5 44. Kb2 Rg2+ 45. Ka3 cxb3 46. Kxb3 Rg3 47. Rh1 Rxc3+ 48. Kb2 Rc8 49. h5 Rh8 50. Kb3 Rh6 51. Rc1 Kd7 52. Rh1 Nf6 53. Kc4 Rxh5 54. Rb1 Kc6 55. Rb8 Rh4+ 56. Kd3 Rh2 57. a4 Ra2 58. Rb4 Nd5 59. Rc4+ Kb6 60. Kd4 e6 61. Ke5 Re2+ 62. Kd6 Re3 63. Rc5 Rc3 64. a5+ Kb7 65. Rxc3 Nxc3 66. Kxe6 Kc6 0-1

[Event "HUN-chT2 Szechenyi 1718"]
[Site "Hungary"]
[Date "2017.12.03"]
[Round "3.9"]
[White "Bezsenyi, Ferenc"]
[Black "Egresi, Kristof"]
[Result "1/2-1/2"]
[WhiteElo "1760"]
[BlackElo "1786"]
[PlyCount "48"]
[EventDate "2017.10.29"]
[EventType "team-tourn"]
[EventRounds "9"]
[EventCountry "HUN"]
[SourceTitle "EXT 2021"]
[Source "ChessBase"]
[SourceDate "2020.10.23"]
[SourceVersion "1"]
[SourceVersionDate "2020.10.23"]
[SourceQuality "1"]
[WhiteTeam "Keszthely Spartacus"]
[BlackTeam "Ajka ASSE"]
[WhiteTeamCountry "HUN"]
[BlackTeamCountry "HUN"]

1. e4 c5 2. Nf3 d6 3. d4 cxd4 4. Nxd4 Nf6 5. Nc3 a6 6. Be2 e6 7. Be3 Be7 8. 0-0 0-0 9. f4 Nbd7 10. g4 Nc5 11. Bf3 Kh8 12. Qe1 Qc7 13. Qg3 Rb8 14. g5 Ng8 15. h4 b5 16. f5 Bb7 17. a3 exf5 18. Nxf5 f6 19. Nd5 Bxd5 20. exd5 fxg5 21. Nxe7 Nxe7 22. Bxg5 Na4 23. Be4 Nxb2 24. Be3 Qc3 1/2-1/2

[Event "HUN-chT2 Szechenyi 1516"]
[Site "Hungary"]
[Date "2015.09.13"]
[Round "1.10"]
[White "Bezsenyi, Ferenc"]
[Black "Vida, Krisztian"]
[Result "0-1"]
[WhiteElo "1814"]
[BlackElo "1722"]
[PlyCount "208"]
[EventDate "2015.09.13"]
[EventType "team-tourn"]
[EventRounds "11"]
[EventCountry "HUN"]
[SourceTitle "CBM 170 Extra"]
[Source "ChessBase"]
[SourceDate "2016.02.25"]
[SourceVersion "1"]
[SourceVersionDate "2016.02.25"]
[SourceQuality "1"]
[WhiteTeam "Keszthely Spartacus"]
[BlackTeam "HVSE Infraplan"]
[WhiteTeamCountry "HUN"]
[BlackTeamCountry "HUN"]

1. e4 d5 2. exd5 Qxd5 3. Nc3 Qa5 4. d4 Nf6 5. Nf3 c6 6. a3 Bf5 7. Bd3 Bxd3 8. Qxd3 e6 9. 0-0 Bd6 10. Bg5 Nbd7 11. Rfe1 0-0 12. Ne4 Nxe4 13. Qxe4 h6 14. Bd2 Qb5 15. a4 Qd5 16. Qd3 Bc7 17. c4 Qd6 18. g3 c5 19. Qc3 cxd4 20. Nxd4 a6 21. Rad1 e5 22. Nf3 Qc6 23. b3 f6 24. Nh4 Nc5 25. Nf5 Rf7 26. Qc2 Rd8 27. Bb4 Rfd7 28. Rxd7 Rxd7 29. Rd1 Bb6 30. Rd5 Kh8 31. Ne3 Ne6 32. Qg6 Nc7 33. Rxd7 Qxd7 34. Ng4 Qe8 35. Qd3 Ne6 36. Qd6 Bc7 37. Qd5 Qc6 38. Ne3 Nd4 39. Bf8 Qxd5 40. Nxd5 Bd8 41. b4 Kg8 42. Bd6 Kf7 43. Bc5 Nf3+ 44. Kg2 Nd2 45. Ne3 b6 46. Bd6 Ke6 47. Bf8 Kf7 48. Bd6 Ne4 49. Bb8 Nc3 50. b5 a5 51. Nd5 Nxa4 52. Ba7 Ke6 53. Bb8 Nb2 54. Ne3 a4 55. Ba7 Nd3 56. Nc2 Kd6 57. Na3 Kc5 58. Bb8 Nb2 59. Kf3 Nxc4 60. Nc2 Kxb5 61. Ke4 Kc6 62. Kd3 b5 63. Ba7 Nb6 64. Kc3 Nd5+ 65. Kd3 b4 66. Kc4 b3 67. Na3 Be7 68. Nb1 Nb4 69. Be3 Nc2 70. Bc1 e4 71. Nc3 Ba3 72. Bxa3 Nxa3+ 73. Kb4 Nc2+ 74. Kxa4 f5 75. Kxb3 Nd4+ 76. Kc4 Nf3 77. h4 Kd6 78. Ne2 Ke5 79. h5 Nh2 80. Ng1 Kf6 81. Kd4 Kg5 82. Ke3 Ng4+ 83. Ke2 Kxh5 84. Nh3 Ne5 85. Nf4+ Kg4 86. Ne6 g5 87. Nc5 h5 88. Ne6 h4 89. Nd4 Nf3 90. Nc2 hxg3 91. Ne3+ Kh3 92. fxg3 Kxg3 93. Nxf5+ Kf4 94. Ne3 g4 95. Nd5+ Ke5 96. Ne3 g3 97. Ng2 Kd4 98. Nf4 Nh4 99. Kf1 Ke3 100. Nh3 Kd2 101. Nf4 e3 102. Kg1 e2 103. Nxe2 Kxe2 104. Kh1 g2+ 0-1

[Event "HUN-chT2 Szechenyi 1415"]
[Site "Hungary"]
[Date "2015.03.01"]
[Round "9.11"]
[White "Sagi, Kornel"]
[Black "Bezsenyi, Ferenc"]
[Result "1-0"]
[WhiteElo "1523"]
[BlackElo "1790"]
[PlyCount "57"]
[EventDate "2014.09.07"]
[EventType "team-tourn"]
[EventRounds "11"]
[EventCountry "HUN"]
[SourceTitle "EXT 2016"]
[Source "ChessBase"]
[SourceDate "2015.10.08"]
[SourceVersion "1"]
[SourceVersionDate "2015.10.08"]
[SourceQuality "1"]
[WhiteTeam "Csuti"]
[BlackTeam "Keszthely"]
[WhiteTeamCountry "HUN"]
[BlackTeamCountry "HUN"]

1. e4 c5 2. Nf3 Nc6 3. d4 cxd4 4. Nxd4 Nf6 5. Nxc6 bxc6 6. Bd3 e5 7. 0-0 Be7 8. Nc3 0-0 9. Kh1 d5 10. f4 Bg4 11. Qe1 d4 12. Ne2 exf4 13. Bxf4 Nh5 14. Bd2 Bh4 15. g3 Bf6 16. Nf4 Be5 17. Nxh5 Bxh5 18. Rf5 g6 19. Rxe5 f6 20. Rc5 Bf3+ 21. Kg1 Qd6 22. Bb4 Rfe8 23. Rf5 gxf5 24. Bxd6 fxe4 25. Bc4+ Kg7 26. Qd2 Rad8 27. Qxd4 Rd7 28. Bf8+ Kxf8 29. Qxd7 1-0

[Event "HUN-chT2 Szechenyi 1415"]
[Site "Hungary"]
[Date "2015.02.08"]
[Round "8.10"]
[White "Vincze, Otto"]
[Black "Bezsenyi, Ferenc"]
[Result "0-1"]
[WhiteElo "1830"]
[BlackElo "1790"]
[PlyCount "80"]
[EventDate "2014.09.07"]
[EventType "team-tourn"]
[EventRounds "11"]
[EventCountry "HUN"]
[SourceTitle "EXT 2016"]
[Source "ChessBase"]
[SourceDate "2015.10.08"]
[SourceVersion "1"]
[SourceVersionDate "2015.10.08"]
[SourceQuality "1"]
[WhiteTeam "Ajka Banyasz"]
[BlackTeam "Keszthely"]
[WhiteTeamCountry "HUN"]
[BlackTeamCountry "HUN"]

1. e4 c5 2. c3 d5 3. exd5 Qxd5 4. d4 e6 5. Na3 Bd7 6. Nc4 Nc6 7. Ne3 Qd6 8. Nf3 cxd4 9. cxd4 Nf6 10. Be2 Be7 11. 0-0 0-0 12. a3 a6 13. b4 b5 14. Bb2 Nd5 15. Re1 h6 16. Qb3 Nf4 17. Bf1 Bf6 18. Rad1 Ne7 19. g3 Nfd5 20. Bg2 Bc6 21. Ng4 Rac8 22. Nge5 Bb7 23. Nd3 Nb6 24. Nfe5 Bxg2 25. Kxg2 Nc4 26. Nc5 Bxe5 27. dxe5 Qc6+ 28. Kg1 Nd5 29. Bc1 a5 30. Nd3 a4 31. Qc2 Qc7 32. Nc5 Nxe5 33. Rxe5 Qxe5 34. Bb2 Qh5 35. Re1 Qf3 36. Qd1 Rfd8 37. Qd4 Nf6 38. Qh4 Rd1 39. Rxd1 Qxd1+ 40. Kg2 Qd5+ 0-1

[Event "HUN-chT2 Szechenyi 1415"]
[Site "Hungary"]
[Date "2014.11.30"]
[Round "5.11"]
[White "Juhasz, Judit"]
[Black "Bezsenyi, Ferenc"]
[Result "1/2-1/2"]
[WhiteElo "1690"]
[BlackElo "1790"]
[PlyCount "97"]
[EventDate "2014.09.07"]
[EventType "team-tourn"]
[EventRounds "11"]
[EventCountry "HUN"]
[SourceTitle "EXT 2016"]
[Source "ChessBase"]
[SourceDate "2015.10.08"]
[SourceVersion "1"]
[SourceVersionDate "2015.10.08"]
[SourceQuality "1"]
[WhiteTeam "Tapolca"]
[BlackTeam "Keszthely"]
[WhiteTeamCountry "HUN"]
[BlackTeamCountry "HUN"]

1. e4 c5 2. Nf3 Nc6 3. d4 cxd4 4. Nxd4 Nf6 5. f3 d5 6. Bb5 Qd6 7. exd5 Nxd5 8. c4 Nc7 9. 0-0 Bd7 10. Nxc6 Nxb5 11. cxb5 bxc6 12. Qxd6 exd6 13. Re1+ Kd8 14. bxc6 Bxc6 15. Nc3 Rb8 16. b3 Be7 17. Bf4 Rb4 18. Bg3 f5 19. Ne2 g5 20. Red1 f4 21. Be1 Rb7 22. Nd4 Bd7 23. Bc3 Rg8 24. Ba5+ Ke8 25. Ne2 Rb5 26. Bc7 d5 27. Nc3 Rb7 28. Nxd5 Bc5+ 29. Kh1 Kf7 30. Be5 Be6 31. Nf6 Rg6 32. Ne4 Bf8 33. Rac1 Bf5 34. Nd6+ Bxd6 35. Rxd6 Rxd6 36. Bxd6 Ke6 37. Bc5 a6 38. Rd1 Rd7 39. Rxd7 Kxd7 40. b4 Ke6 41. a4 Bd3 42. Kg1 Kf5 43. Kf2 h5 44. h3 g4 45. fxg4+ hxg4 46. h4 g3+ 47. Kg1 Kg4 48. Bd6 Kxh4 49. Bxf4 1/2-1/2

[Event "HUN-chT2 Szechenyi 1415"]
[Site "Hungary"]
[Date "2014.09.21"]
[Round "2.10"]
[White "Lakatos, Ervin"]
[Black "Bezsenyi, Ferenc"]
[Result "0-1"]
[WhiteElo "1701"]
[BlackElo "1790"]
[PlyCount "71"]
[EventDate "2014.09.07"]
[EventType "team-tourn"]
[EventRounds "11"]
[EventCountry "HUN"]
[SourceTitle "EXT 2016"]
[Source "ChessBase"]
[SourceDate "2015.10.08"]
[SourceVersion "1"]
[SourceVersionDate "2015.10.08"]
[SourceQuality "1"]
[WhiteTeam "Zala Volan"]
[BlackTeam "Keszthely"]
[WhiteTeamCountry "HUN"]
[BlackTeamCountry "HUN"]

1. e4 c5 2. Nf3 Nc6 3. d4 cxd4 4. Nxd4 Qb6 5. Nb3 e6 6. Be3 Qc7 7. c4 Nf6 8. f3 Bb4+ 9. N1d2 0-0 10. a3 Be7 11. Be2 d5 12. 0-0 Rd8 13. exd5 exd5 14. cxd5 Nxd5 15. Bf2 Bg5 16. Qc2 Ne3 17. Bxe3 Bxe3+ 18. Kh1 Rd6 19. f4 Rh6 20. Qe4 Re6 21. Qf3 Bxd2 22. Nxd2 Nd4 23. Qd3 Nxe2 24. Rae1 Nxf4 25. Qg3 Nd5 26. Qf3 Nf6 27. Rc1 Qe5 28. Rc2 Qe3 29. Qd1 Qe2 30. Qc1 Bd7 31. Nf3 Qe3 32. Qd1 Bc6 33. Re1 Qb3 34. Nd4 Rxe1+ 35. Qxe1 Qd5 36. Qd1 0-1

[Event "HUN-chT2 Szechenyi 1011"]
[Site "Hungary"]
[Date "2011.05.01"]
[Round "10.9"]
[White "Nagy, Tamas"]
[Black "Bezsenyi, Ferenc"]
[Result "1-0"]
[WhiteElo "1708"]
[BlackElo "1927"]
[PlyCount "111"]
[EventDate "2010.09.12"]
[EventType "team-tourn"]
[EventRounds "11"]
[EventCountry "HUN"]
[SourceTitle "EXT 2012"]
[Source "ChessBase"]
[SourceDate "2011.11.24"]
[SourceVersion "1"]
[SourceVersionDate "2011.11.24"]
[SourceQuality "1"]
[WhiteTeam "Sarvar"]
[BlackTeam "Spartacus"]
[WhiteTeamCountry "HUN"]
[BlackTeamCountry "HUN"]

1. e4 c5 2. Nf3 Nc6 3. d4 cxd4 4. Nxd4 Nf6 5. Nc3 e5 6. Ndb5 d6 7. Bg5 a6 8. Na3 b5 9. Nd5 Be7 10. Nxe7 Nxe7 11. Bd3 Bg4 12. Qd2 Nd7 13. c4 f6 14. Be3 bxc4 15. Nxc4 Qb8 16. Be2 Bxe2 17. Nxd6+ Kf8 18. Kxe2 Nc8 19. Rhd1 Nxd6 20. Qxd6+ Qxd6 21. Rxd6 Ke7 22. Rad1 Rhd8 23. a3 Rac8 24. Rxa6 Rc2+ 25. Rd2 Rdc8 26. Ra7 Rxd2+ 27. Kxd2 Ke6 28. b4 g6 29. a4 Rc4 30. Ra6+ Ke7 31. b5 Rxe4 32. Ra7 Ke6 33. b6 Rb4 34. a5 Kd6 35. b7 Kc6 36. a6 Nb8 37. Ra8 Kc7 38. a7 Rxb7 39. axb8Q+ Rxb8 40. Ra7+ Rb7 41. Rxb7+ Kxb7 42. Bh6 f5 43. Bg7 e4 44. Ke3 Kc6 45. Kf4 Kd6 46. Kg5 Ke6 47. Kh6 f4 48. Kxh7 Kf5 49. Bd4 g5 50. Kh6 g4 51. g3 e3 52. Bxe3 fxe3 53. fxe3 Ke4 54. Kg5 Kf3 55. Kf5 Kg2 56. Kxg4 1-0

[Event "HUN-chT2 Szechenyi 1011"]
[Site "Hungary"]
[Date "2011.04.17"]
[Round "9.10"]
[White "Simai, Laszlo"]
[Black "Bezsenyi, Ferenc"]
[Result "0-1"]
[WhiteElo "1984"]
[BlackElo "1927"]
[PlyCount "120"]
[EventDate "2010.09.12"]
[EventType "team-tourn"]
[EventRounds "11"]
[EventCountry "HUN"]
[SourceTitle "EXT 2012"]
[Source "ChessBase"]
[SourceDate "2011.11.24"]
[SourceVersion "1"]
[SourceVersionDate "2011.11.24"]
[SourceQuality "1"]
[WhiteTeam "Veszprem"]
[BlackTeam "Spartacus"]
[WhiteTeamCountry "HUN"]
[BlackTeamCountry "HUN"]

1. e4 c5 2. Nf3 Nc6 3. d4 cxd4 4. Nxd4 Nf6 5. Nc3 e5 6. Ndb5 d6 7. Bg5 a6 8. Bxf6 gxf6 9. Na3 b5 10. Nd5 Bg7 11. c3 Ne7 12. Nc2 Be6 13. Nce3 Nxd5 14. Nxd5 f5 15. exf5 Bxf5 16. Qf3 Be6 17. Nc7+ Kd7 18. Nxa8 Qxa8 19. Qxa8 Rxa8 20. a4 b4 21. cxb4 e4 22. Rb1 Ba2 23. Ra1 Be6 24. Rb1 Ba2 25. Rc1 Bb3 26. Kd2 Bh6+ 27. Kc3 Bxa4 28. Ra1 Rc8+ 29. Kd4 Bg7+ 30. Ke3 Bh6+ 31. f4 exf3+ 32. Kxf3 Bc6+ 33. Kf2 Rb8 34. Rxa6 Rxb4 35. Be2 Rxb2 36. Rd1 Rxe2+ 37. Kf1 Rb2 38. Ra7+ Bb7 39. Rd3 Ke6 40. Rg3 Bf4 41. Rg8 Be5 42. h3 Bd5 43. Ra4 Bc6 44. Rh4 Bb5+ 45. Kg1 Rb1+ 46. Kf2 Bd3 47. Ke3 Bg6 48. Ra4 Rb3+ 49. Ke2 h5 50. g4 Rxh3 51. gxh5 Rxh5 52. Re8+ Kf5 53. Kf3 Rh3+ 54. Kg2 Rb3 55. Rea8 Bh5 56. R8a5 Bf3+ 57. Kf2 Be4 58. Ra2 Kf4 59. R5a4 d5 60. Rd2 Rf3+ 0-1

[Event "HUN-chT2 Szechenyi 1011"]
[Site "Hungary"]
[Date "2010.09.12"]
[Round "1.10"]
[White "Szabo, Dorina"]
[Black "Bezsenyi, Ferenc"]
[Result "0-1"]
[WhiteElo "1722"]
[BlackElo "1927"]
[PlyCount "67"]
[EventDate "2010.09.12"]
[EventType "team-tourn"]
[EventRounds "11"]
[EventCountry "HUN"]
[SourceTitle "EXT 2012"]
[Source "ChessBase"]
[SourceDate "2011.11.24"]
[SourceVersion "1"]
[SourceVersionDate "2011.11.24"]
[SourceQuality "1"]
[WhiteTeam "Tapolca"]
[BlackTeam "Spartacus"]
[WhiteTeamCountry "HUN"]
[BlackTeamCountry "HUN"]

1. e4 Nf6 2. e5 Nd5 3. c4 Nb6 4. d4 d6 5. exd6 exd6 6. Nc3 Be7 7. Bf4 0-0 8. Bd3 Re8 9. Nge2 Bf6 10. 0-0 Bg4 11. f3 Bh5 12. b3 Nc6 13. Be4 Bg6 14. Qd2 Nc8 15. Bxc6 bxc6 16. Ng3 Ne7 17. Rad1 Nf5 18. Nxf5 Bxf5 19. Rfe1 Qd7 20. Ne4 Be7 21. Qf2 Bg6 22. Re2 Qf5 23. Bg3 d5 24. Nc3 Bb4 25. Na4 Rxe2 26. Qxe2 Qd7 27. Be1 Re8 28. Qf2 Bd6 29. Bc3 Qf5 30. Re1 f6 31. Rxe8+ Bxe8 32. g3 dxc4 33. bxc4 Qd3 34. Nb2 0-1

[Event "HUN-chT2 Szechenyi 0910"]
[Site "Hungary"]
[Date "2010.04.11"]
[Round "9.10"]
[White "Bencsura, Barnabas"]
[Black "Bezsenyi, Ferenc"]
[Result "1-0"]
[WhiteElo "2029"]
[BlackElo "1947"]
[PlyCount "85"]
[EventDate "2009.11.08"]
[EventType "team-tourn"]
[EventRounds "11"]
[EventCountry "HUN"]
[SourceTitle "EXT 2011"]
[Source "ChessBase"]
[SourceDate "2010.11.26"]
[SourceVersion "1"]
[SourceVersionDate "2010.11.26"]
[SourceQuality "1"]
[WhiteTeam "BSC"]
[BlackTeam "Keszthely"]
[WhiteTeamCountry "HUN"]
[BlackTeamCountry "HUN"]

1. b4 d5 2. Bb2 e6 3. a3 Nf6 4. e3 Be7 5. Nf3 Nbd7 6. c4 dxc4 7. Bxc4 0-0 8. 0-0 c5 9. b5 Nb6 10. Be2 Nbd5 11. d4 Bd7 12. Qb3 Rc8 13. Nbd2 b6 14. Rfd1 Rc7 15. Nc4 cxd4 16. Bxd4 Ne4 17. Be5 Rc5 18. a4 f6 19. Bb2 Rc7 20. Rd4 Nc5 21. Qd1 Qc8 22. g3 Nb7 23. e4 Nb4 24. Ba3 e5 25. Rd2 Be6 26. Ne3 Rc3 27. Qb1 Rb3 28. Rb2 Na5 29. Nd2 Rxe3 30. fxe3 Qc3 31. Nf1 Bc5 32. Bxb4 Bxe3+ 33. Kg2 Qd4 34. Bxf8 Bg1 35. Bf3 Nb3 36. Ra3 Kxf8 37. Rc2 Na5 38. Qd1 Bb3 39. Rxb3 Nxb3 40. Rc8+ Ke7 41. Rc7+ Kd6 42. Qxd4+ Bxd4 43. Rxg7 1-0

[Event "HUN-chT2 Szechenyi 0910"]
[Site "Hungary"]
[Date "2010.02.14"]
[Round "6.10"]
[White "Bezsenyi, Ferenc"]
[Black "Szalay, Adam"]
[Result "1-0"]
[WhiteElo "1947"]
[BlackElo "1675"]
[PlyCount "89"]
[EventDate "2009.11.08"]
[EventType "team-tourn"]
[EventRounds "11"]
[EventCountry "HUN"]
[SourceTitle "EXT 2011"]
[Source "ChessBase"]
[SourceDate "2010.11.26"]
[SourceVersion "1"]
[SourceVersionDate "2010.11.26"]
[SourceQuality "1"]
[WhiteTeam "Keszthely"]
[BlackTeam "Lovo"]
[WhiteTeamCountry "HUN"]
[BlackTeamCountry "HUN"]

1. e4 e5 2. Nf3 Nc6 3. Nc3 Nf6 4. Bb5 Bc5 5. Nxe5 Bxf2+ 6. Kxf2 Nxe5 7. d4 Neg4+ 8. Ke1 c6 9. Be2 d6 10. h3 Nh6 11. Bg5 Qa5 12. Bxf6 gxf6 13. Qd3 Bd7 14. Rf1 Qg5 15. g4 0-0-0 16. Qf3 Qh4+ 17. Kd2 f5 18. exf5 Qg5+ 19. Kd3 Rde8 20. Ne4 Rxe4 21. Qxe4 Re8 22. Qf4 Qe7 23. Bf3 Ng8 24. Rf2 Qf8 25. Re2 Rxe2 26. Bxe2 f6 27. Bf3 h6 28. Re1 a6 29. Qe3 Qf7 30. b3 Kc7 31. Qd2 Qf8 32. Qc3 Ne7 33. Qa5+ Kc8 34. c4 Qd8 35. Qd2 Ng8 36. b4 b6 37. Qf4 Qf8 38. a4 b5 39. cxb5 axb5 40. axb5 cxb5 41. Qe4 d5 42. Qxd5 Qxb4 43. Qa8+ Kc7 44. Rc1+ Kd6 45. Qf8+ 1-0

[Event "HUN-chT2 Szechenyi 0809"]
[Site "Hungary"]
[Date "2009.01.11"]
[Round "5.9"]
[White "Bezsenyi, Ferenc"]
[Black "Szentmihalyi, Daniel"]
[Result "1/2-1/2"]
[WhiteElo "1934"]
[BlackElo "1771"]
[PlyCount "51"]
[EventDate "2008.10.26"]
[EventType "team-tourn"]
[EventRounds "11"]
[EventCountry "HUN"]
[SourceTitle "EXT 2010"]
[Source "ChessBase"]
[SourceDate "2010.11.25"]
[SourceVersion "1"]
[SourceVersionDate "2010.11.25"]
[SourceQuality "1"]
[WhiteTeam "Keszthely"]
[BlackTeam "Flesch"]
[WhiteTeamCountry "HUN"]
[BlackTeamCountry "HUN"]

1. e4 c6 2. d4 g6 3. Be3 Bg7 4. Qd2 d5 5. Bd3 dxe4 6. Bxe4 Nf6 7. f3 Be6 8. Ne2 Bd5 9. Bd3 0-0 10. 0-0 Re8 11. c4 Be6 12. Nbc3 Nbd7 13. Nf4 Nf8 14. Rfd1 Qc7 15. Ne4 Red8 16. Ng5 Bc8 17. Qf2 b6 18. Ne4 Be6 19. Rac1 Qb7 20. Ng5 Bd7 21. Ne4 Ne6 22. Nxf6+ Bxf6 23. d5 Nxf4 24. Bxf4 cxd5 25. cxd5 Rac8 26. Be4 1/2-1/2

[Event "Heviz Palace op"]
[Site "Heviz"]
[Date "2008.03.23"]
[Round "4"]
[White "Bezsenyi, Ferenc"]
[Black "Csala, Imre"]
[Result "0-1"]
[WhiteElo "1949"]
[BlackElo "2254"]
[PlyCount "75"]
[EventDate "2008.03.20"]
[EventType "swiss"]
[EventRounds "9"]
[EventCountry "HUN"]
[SourceTitle "CBM 123 Extra"]
[Source "ChessBase"]
[SourceDate "2008.05.06"]
[SourceVersion "1"]
[SourceVersionDate "2008.05.06"]
[SourceQuality "1"]

1. e4 d6 2. d4 g6 3. Nc3 Bg7 4. Be3 Nc6 5. Qd2 Nf6 6. f3 e5 7. Bb5 Bd7 8. Nge2 0-0 9. 0-0 Re8 10. d5 Nb8 11. Rfd1 a6 12. Ba4 Rf8 13. Ng3 h5 14. Bg5 Qe8 15. Bxd7 Nbxd7 16. Nce2 Nh7 17. Be3 h4 18. Nf1 f5 19. g4 fxe4 20. fxe4 Ndf6 21. Nc3 Nxg4 22. Qg2 Rxf1+ 23. Rxf1 Nxe3 24. Qh3 Nxf1 25. Rxf1 Qe7 26. Qg4 Qg5 27. Qxg5 Nxg5 28. Kg2 Rf8 29. Rxf8+ Kxf8 30. h3 Bf6 31. b3 Bd8 32. a4 c6 33. dxc6 bxc6 34. b4 Ke7 35. b5 axb5 36. axb5 Ba5 37. Ne2 cxb5 38. Ng1 0-1